Countries From Which the USA Adopts the Most Children - Statistics

General Stats
  • This quiz has been taken 216 times
  • The average score is 6 of 12
Answer Stats
# Country % Correct
2,697 China
95%
159 India
83%
197 Nigeria
68%
240 DR Congo
60%
1,568 Ethiopia
52%
395 Ukraine
48%
195 Colombia
43%
627 South Korea
42%
154 Haiti
38%
238 Uganda
30%
171 Ghana
29%
177 Taiwan
24%
No matching quizzes found
Score Distribution
Percent of People with Each Score
Percentile by Number Answered
Your Score History
You have not taken this quiz